| 000 | 00882nam a22002417a 4500 | ||
|---|---|---|---|
| 010 | _aB-140194 | ||
| 020 |
_a8787182800 _c200.00 |
||
| 035 | _aB-140194 | ||
| 037 | _aCen Lib/Ret | ||
| 040 |
_aDPL _bHN |
||
| 082 |
_a230 _bगुप्तत |
||
| 100 | _aगुप्त, तन्न्सुखराम | ||
| 245 |
_aहिन्दू धर्म परिचय / _cतन्न्सुखराम गुप्त |
||
| 246 |
_aHindu Dharm parichye / _bby Tansukhram Gupt |
||
| 260 |
_a दिल्ली _bसूर्य भारती प्रकाशन _c2004 |
||
| 270 |
_a2496, नई सड़क _bदिल्ली _e110006 |
||
| 300 |
_a267p. _b22cm(सजिल्द) |
||
| 650 | _aधर्म--हिन्दू | ||
| 650 | _aधर्म | ||
| 650 | _a Religion--hindu | ||
| 650 | _a Religion | ||
| 942 |
_2ddc _cHN _h230 |
||
| 999 |
_c122254 _d122254 |
||